00878nam a2200241 i 4500003000900000005001700009007000300026008004100029020001500070040003000085082002200115100003000137245011200167264011300279300002700392336002700419337003400446338002800480650003100508650003400539650002600573700003700599DO-SdBNP20240305073656.0ta110413s2003 dr 000 0 spa d a9993492418 aDO-SdBNPbspacBNPHUerda a370.11bA185j2221 aAcosta García, Jorge A.10aJusto para ti: bun libro de reflexiones para aprender /cJorge A. Acosta García, Amiris S. Lombert Matos 1aSanto Domingo :bImpresos y Diseños El Remanente,bSecretaría de Estado de Relaciones Exteriores,c2003. a139 páginas c21 cm. 2rdacontentatextobtxt 2rdamediaasin mediación bn 2rdacarrieravolumenbnc 4aReflexión xFilosofía  4aPsicología del aprendizaje  4aValoresxFilosofía 1 aSilié, Rubén,d1946-eAutor